000 01166cab a2200229 4500
001 ##L133055
008 060406n2006 000 0 eng u
035 _a(Sirsi) u133055
041 0 _aeng
100 1 _aKlimt, Mark
245 0 0 _aRisk may not be passed down the supply chain
260 _c2006
490 0 _aArchitects' Journal
_v7(222) 1 September 2005, 60-62(3)
520 _aThis article looks at the new JCT suite of contracts, with particular emphasis on the provisions of the Intermediate Building Contract with Contractor's Design, and the role of the binding and non-binding framework agreements which provide a supplementary statement of best practice complementing the new forms of contract.
650 2 4 _aJCT STANDARD BUILDING CONTRACT (2005 EDITION)
650 2 4 _aJCT INTERMEDIATE BUILDING CONTRACT WITH CONTRACTOR'S DESIGN (2005 EDITION)
650 2 4 _aJCT FRAMEWORK AGREEMENT BINDING (2005 EDITION)
650 2 4 _aJCT FRAMEWORK AGREEMENT NON-BINDING (2005 EDITION)
651 4 _aUnited Kingdom
_y
690 _aBUILT ENVIRONMENT-BUILDING CONTRACT FORMS-STANDARD FORMS OF BUILDING CONTRACT-JOINT CONTRACTS TRIBUNAL CONTRACTS
942 _n0
999 _c76774
_d76774